Digital image processing : PIKs inside (Record no. 178187)

MARC details
000 -LEADER
fixed length control field 00462nam a2200181Ia 4500
008 - FIXED-LENGTH DATA ELEMENTS--GENERAL INFORMATION
fixed length control field 231217s9999 xx 000 0 und d
020 ## - INTERNATIONAL STANDARD BOOK NUMBER
International Standard Book Number 9814126209
041 ## - LANGUAGE CODE
Language code of text/sound track or separate title English
082 ## - DEWEY DECIMAL CLASSIFICATION NUMBER
Classification number 621.367 PRA;5
100 ## - MAIN ENTRY--PERSONAL NAME
Personal name Pratt, William K
245 #0 - TITLE STATEMENT
Title Digital image processing : PIKs inside
250 ## - EDITION STATEMENT
Edition statement 3rd ed.
260 ## - PUBLICATION, DISTRIBUTION, ETC.
Date of publication, distribution, etc. 2004
Name of publisher, distributor, etc. John Wiley
Place of publication, distribution, etc. New York
300 ## - PHYSICAL DESCRIPTION
Extent xix+735
300 ## - PHYSICAL DESCRIPTION
Dimensions CD2851
650 ## - SUBJECT ADDED ENTRY--TOPICAL TERM
Topical term or geographic name entry element Digital,processing,:,PIKs,inside
942 ## - ADDED ENTRY ELEMENTS (KOHA)
Koha item type Books
Holdings
Date last seen Total checkouts Full call number Accession number Uniform resource identifier Cost, total (INR) price Price effective from Category Lost status Damaged status Department Withdrawn status Home library Current library Shelving location Entry date Vendor Cost, normal purchase price Grants Billnumber Billdate Currency symbol Conversion rate Discount Old discount
26/01/2024   621.367 PRA;5 43102 digital/contents/19293.pdf 372.40 26/01/2024 Books     Central Library   Central Library Central Library Central Library   Tata Book House 9.50 IS 2858 29/07/2008 USD 49 1.9 20
26/01/2024   621.367 PRA;6 43103 digital/contents/19293.pdf 372.40 26/01/2024 Books     Central Library   Central Library Central Library Central Library   Tata Book House 9.50 IS 2858 29/07/2008 USD 49 1.9 20

© For any Suggestions or Query, please contact the library staff @ librarian@pes.edu or Phone: +9180 2672 1983/ 2108.